000 00465nam a2200181Ia 4500
003 0STCL
008 150530s9999 xx 000 0 und d
040 _aSTCL
_cSTCL
100 _aKartha, C.C.
245 _aVaidyavinjanam Parimanavum Pratheekshayum
250 _a1
260 _bState Institute of Language; Thiruvanathapuram
_c2000
_aThiruvanathapuram
300 _a0
546 _aMalayalam
942 _2ddc
_cBK
999 _c40225
_d40225
005 20220125170514.0